[Event "Golubitskaya op"]
[Site "Golubitskaya"]
[Date "2014.06.25"]
[Round "5"]
[White "Belyaev, Vladimir"]
[Black "Vertegel, Evgeny"]
[Result "1-0"]
[WhiteElo "2191"]
[BlackElo "1758"]
[PlyCount "111"]
[EventDate "2014.06.21"]
[EventType "swiss"]
[EventRounds "9"]
[EventCountry "RUS"]
[SourceTitle "EXT 2015"]
[Source "ChessBase"]
[SourceDate "2014.11.20"]
[SourceVersion "1"]
[SourceVersionDate "2014.11.20"]
[SourceQuality "1"]

1. Nf3 Nf6 2. g3 d5 3. Bg2 c6 4. 0-0 g6 5. d4 Bg7 6. b3 0-0 7. Bb2 Nbd7 8. c4 e6 9. Re1 Ne4 10. Nbd2 f5 11. Qc1 Bh6 12. e3 g5 13. Ne5 Ndf6 14. f4 Nd7 15. Nxd7 Bxd7 16. Nf3 Bg7 17. Ne5 g4 18. Ba3 Rf6 19. Bxe4 dxe4 20. Rd1 Be8 21. Qd2 Bf8 22. Bxf8 Rxf8 23. d5 exd5 24. cxd5 cxd5 25. Qxd5+ Qxd5 26. Rxd5 Rc8 27. Rad1 Rc3 28. Kf2 a6 29. Nc4 Bb5 30. Nd6 Bd3 31. Rd2 Rd8 32. Nxe4 Rxd5 33. Nxc3 Rd7 34. e4 Bb5 35. Rxd7 Bxd7 36. Ke3 Kf7 37. Kd4 Ke6 38. Kc5 Bc6 39. e5 Bf3 40. Kb6 Kd7 41. Na4 Kc8 42. Nc5 a5 43. a4 Bc6 44. Kxa5 Kc7 45. Ne6+ Kb8 46. Kb6 Bd5 47. Nc5 h5 48. b4 Kc8 49. a5 Kb8 50. b5 Ka8 51. Kc7 Bc4 52. b6 Bd5 53. Kd8 Kb8 54. e6 Bc6 55. e7 h4 56. Nd7+ 1-0

[Event "Anna Akulov Memorial op"]
[Site "Anna"]
[Date "2012.10.15"]
[Round "8"]
[White "Belyaev, Vladimir"]
[Black "Bobro, Igor"]
[Result "0-1"]
[WhiteElo "2191"]
[BlackElo "1855"]
[PlyCount "56"]
[EventDate "2012.10.12"]
[EventType "swiss"]
[EventRounds "9"]
[EventCountry "RUS"]
[SourceTitle "EXT 2013"]
[Source "ChessBase"]
[SourceDate "2012.11.22"]
[SourceVersion "1"]
[SourceVersionDate "2012.11.22"]
[SourceQuality "1"]

1. e4 c5 2. Nc3 d6 3. g3 Nf6 4. Nge2 Nc6 5. Bg2 e6 6. 0-0 Be7 7. d3 0-0 8. Be3 d5 9. exd5 exd5 10. d4 cxd4 11. Nxd4 Qa5 12. Nb3 Qc7 13. Nxd5 Nxd5 14. Qxd5 Nb4 15. Qe4 f5 16. Qf3 Qxc2 17. Bd4 Qc7 18. Rac1 Nc6 19. Qd5+ Kh8 20. Qc4 Bd7 21. Rfe1 Bf6 22. Bxf6 Rxf6 23. Nd4 Rc8 24. Ne6 Qb8 25. Ng5 h6 26. Nf3 f4 27. Qb3 fxg3 28. fxg3 a6 0-1

[Event "Anna Akulov Memorial op"]
[Site "Anna"]
[Date "2012.10.12"]
[Round "2"]
[White "Nesterov, Andrey"]
[Black "Belyaev, Vladimir"]
[Result "1-0"]
[WhiteElo "1961"]
[BlackElo "2191"]
[PlyCount "70"]
[EventDate "2012.10.12"]
[EventType "swiss"]
[EventRounds "9"]
[EventCountry "RUS"]
[SourceTitle "EXT 2013"]
[Source "ChessBase"]
[SourceDate "2012.11.22"]
[SourceVersion "1"]
[SourceVersionDate "2012.11.22"]
[SourceQuality "1"]

1. d4 d5 2. c4 e6 3. Nc3 Nf6 4. Nf3 c6 5. Bg5 Nbd7 6. e3 Qa5 7. Nd2 Bb4 8. Qc2 0-0 9. c5 b6 10. Nb3 Bxc3+ 11. bxc3 Qa4 12. cxb6 axb6 13. Bd3 h6 14. Bf4 c5 15. dxc5 bxc5 16. Nd2 Qxc2 17. Bxc2 e5 18. Bg3 Ba6 19. Nf3 e4 20. Ne5 Nxe5 21. Bxe5 Bc4 22. a4 Nd7 23. Bd6 Rfc8 24. f3 f5 25. Kd2 Rc6 26. Bg3 Rca6 27. Rab1 R8a7 28. Rb2 Kf7 29. Rhb1 Kf6 30. Rb7 Rxb7 31. Rxb7 Ne5 32. Bxe5+ Kxe5 33. Rxg7 Rb6 34. Kc1 d4 35. cxd4+ cxd4 1-0